000 01099nam a2200325 a 4500
001 72506
003 BD-RjUL
005 20211209082253.0
008 170520s1963 nyuax b 0 1 a0eng c
030 _aAMBYAR
035 _a(BD-RjUL)72724
040 _aUDI
_beng
_cUDI
_dBD-RjUL
041 _aeng
082 0 4 _a578.77
_223
_bADV 1963
245 0 0 _aAdvances in marine biology /
_cedited by F. S. Russell
260 _aLondon ;
_aNew York :
_bAcademic Press,
_cc1963.
300 _av. :
_bill. ;
_c24 cm
504 _aIncludes bibliography and index
505 _aVol. 1 --
510 2 _aChemical abstracts
_x0009-2258
650 _aMarine biology
_9214517
653 0 _aMarine biology
655 2 _aPeriodicals.
_9214518
655 7 _aPeriodicals.
_2fast
_9214518
700 1 _aRussell, Frederick S.
_q(Frederick Stratten),
_d1897-1984.
_9214453
776 0 8 _iOnline version:
_tAdvances in marine biology (Online)
_x2162-5875
_w(DLC) 2011250706
_w(OCoLC)60644302
776 0 8 _iOnline version:
_tAdvances in marine biology (Print)
_w(OCoLC)795695658
942 _2ddc
_cBK
999 _c72506
_d72506